[Event "Montreal Ligue elite du dimanche"]
[Site "Montreal"]
[Date "2007.10.21"]
[Round "5"]
[White "Perreault, Jacques"]
[Black "Zire, Mohamed"]
[Result "0-1"]
[WhiteElo "1593"]
[BlackElo "1385"]
[PlyCount "74"]
[EventDate "2007.09.09"]
[EventType "swiss"]
[EventRounds "5"]
[EventCountry "CAN"]
[SourceTitle "EXT 2022"]
[Source "ChessBase"]
[SourceDate "2021.10.06"]
[SourceVersion "1"]
[SourceVersionDate "2021.10.06"]
[SourceQuality "1"]

1. c4 e5 2. Nf3 d6 3. g3 f5 4. d3 Nf6 5. Bg2 Be7 6. b4 0-0 7. 0-0 Nbd7 8. Qb3 c6 9. Ng5 Nb8 10. Nc3 h6 11. Nf3 Be6 12. a4 Nbd7 13. d4 e4 14. Nh4 Qe8 15. d5 cxd5 16. cxd5 Nxd5 17. Nxf5 Rxf5 18. Bxe4 Nc7 19. Qb1 Rf8 20. Bxb7 Rb8 21. Bc6 Bh3 22. Rd1 Qf7 23. Be3 Qc4 24. Nd5 Bf6 25. Rc1 Qxe2 26. Ra2 Qh5 27. Nxc7 Ne5 28. Qe4 Bf5 29. Bd5+ Kh8 30. Qg2 Rxb4 31. h3 Bxh3 32. Qh1 Nd3 33. Bf3 Qf5 34. Rd1 Ne5 35. Bd5 Rb1 36. Rad2 Bg4 37. Be6 Bxd1 0-1